=LDR 00000nam 2200000 4500 =001 INLIS000000000036287 =005 20250321021438 =035 ##$$a 0010-061300000036287 =008 250321################g##########0#ind## =041 ##$$a Ind =082 ##$$a 741.5 =090 ##$$a 741.5, Rin p =100 ##$$a Rinurdad =245 1#$$a Presiden idola, Rinurbad, Ahmad Zeni =260 ##$$a Jakarta :$b Psycho,$c 2010 =300 ##$$a 102 hlm, : $b ilus ; $c 21 x 14 cm =650 #4$$a Komik, Bacaan =700 #$$a Zeni, Ahmad =850 ##$$a NBPNMAT =020 ##$$a 978-979-22-6228-5741.5 =084 ##$$a 741.5 RIN p.4 =990 ##$$a 21100569 =990 ##$$a 0001/BPAP-NTB/2016